Benim üniversitelerim/ (Record no. 13922)

MARC details
000 -BAŞLIK
Sabit Uzunlukta Kontrol Alanı 00602nam a22002177a 4500
999 ## - SİSTEM KONTROL NUMARALARI (KOHA)
Koha Biblionumber 13922
Koha Biblioitemnumber 13922
003 - KONTROL NUMARASI IDENTIFIER
Denetim Alanı MIRAKIL
005 - SON İŞLEM TARİHİ VE ZAMANI
Denetim Alanı 20200818152946.0
008 - SABİT-BOY VERİ ELEMANLARI - GENEL BİLGİLER
Sabit Uzunlukta Kontrol Alanı 200818b tu ||||| |||| 00| 0 tur d
020 ## - ULUSLARARASI STANDART KİTAP NUMARASI
Uluslararası Standart Kitap Numarası 9753850166
040 ## - KATALOGLAMA KAYNAK
Orijinal Kataloglama Ajansı TR-AnCHP
Metne Dönüştürmek Ajansı TR-AnCHP
041 ## - DİL KODU
Metin / Ses Parça Veya Ayrı Başlığın Dil Kodu tur
082 ## - DEWEY ONLU SINIFLANDIRMA NUMARASI
Sınıflandırma Numarası 891.73
Ürün Numarası G66b 2000
100 ## - ANA GİRİŞ - KİŞİSEL İSİM
Kişisel Ad Gorki, Maksim
245 10 - BAŞLIK TABLOSU
Başlık Benim üniversitelerim/
Sorumluluk Tablosu, Vb Maksim Gorki; çeviren Gülen Aktaş.
250 ## - EDITION TABLOSU
Baskı Beyanı 7 bs.
260 ## - YAYIN, DAĞITIM, VB
Yayın, Dağıtım, Vb Yeri İstanbul:
Yayıncı, Dağıtıcı, Vs Adı Oda Yayınları,
Yayın, Dağıtım, Vb Tarihi 2000.
300 ## - FİZİKSEL TANIM
Kapsam 172 s.:
Boyutlar 19 sm.
650 #0 - KONU KATMA GİRİŞ - TOPİKAL DÖNEM
9 (RLIN) 5112
Topikal Süreli Veya Coğrafi Ad Giriş Elemanı Rus Edebiyatı
Genel Alt Bölümü Roman
700 ## - KATMA GİRİŞ - KİŞİSEL İSİM
9 (RLIN) 6421
Kişisel Ad Aktaş, Gülen
Relator Terim çev.
942 ## - EKLENDİ GİRİŞ ELEMANLARI (KOHA)
Sınıflandırma Veya Raf Düzeni Kaynak Dewey Decimal Classification
Koha Öğesi Türü Books
Holdings
Kalıcı Konum Mevcut Konum Edinme Tarihi Toplam Check-Out'Lar Tam Çağrı Numarası Barkod Tarih Son Görülme İtibaren Geçerli Fiyatlar Sigara Kamu Notu Koha Öğesi Türü
CHP Kütüphanesi CHP Kütüphanesi 08/18/2020   891.73 G66b 2000 019398 08/18/2020 08/18/2020 Emine Başak Alkan Bağışıdır. Books